000 01720nam a22003137a 4500
003 OSt
005 20260423123926.0
008 260423t2019 xxu||||| |||| 00| 0 eng d
020 _a9789811316227
020 _a9789811316210
040 _aUnicoc
_bspa
_c00001
_d00001
082 _a617.6072
100 _913030
_aLiu, Feng
245 _aDental digital photography
_b: from dental clinical photography to digital smile design
_c/ Feng Liu
250 _a1 Ed.
260 _aSingapore :
_bSpringer ,
_c2019
300 _a346 páginas
_bIlustraciones, diagramas, tablas, gráficas
500 _aIncluye referencias bibliográficas
505 _t1. The history and significance of dental photography. --
_t2. Basic concepts and knowledge of the photography. --
_t3. Devices and equipment of the dental photography. --
_t4. Basic techniques of clinical photography. --
_t5. Basic images of dental clinical photography. --
_t6. Standards for common aesthetic oral clinical photography. --
_t7. Clinical still life and operation photography. --
_t8. Image adjustment and application. --
_t9. Aesthetic treatment based on clinical image.
526 _5Unicoc
546 _aEspañol
650 0 _913031
_aFotografía dental digital
_vHistoria
_xDesarrollo
650 0 _93234
_aFotografía dental
_vDispositivos y equipos
650 0 _913033
_aTratamiento estético
_vDiseño de sonrisa
650 0 _913032
_aFotografía clínica
_vDental
658 0 _98074
_aEspecialización en Rehabilitación Oral
856 _yAcceso online exclusivo para comunidad Unicoc.
_uhttps://unicoceduco-my.sharepoint.com/:b:/g/personal/direccionbiblioteca_unicoc_edu_co/IQBg79CZw2n3TbpGhLSH2D0MAfSIxoWNgcAMnAfGDqA9ciU
942 _2ddc
_cEBOOK
999 _c10874
_d10874